000 00975nam a22003137a 4500
003 CHAP
005 20220329140830.0
008 971013c19571945 r 00010 d
010 _a58308
011 _a59280
035 _a63438
040 _cCHAP
082 _a544.92
_bS87
100 0 0 _aStrain, Harold H.
_9109942
245 _aChromatographic adscription analysis
260 _aNew York :
_bInterscience,
_c1957 (c.1945)
300 _a222 p.
_b: ilus.
490 _aChemical analysis
_v; vol. 2
590 _aBATCH-UPD
_b10
_c20130110
_lUCH01
_h0518
590 _aBATCH-UPD
_b10
_c20130110
_lUCH01
_h2221
590 _aBATCH-UPD
_b10
_c20130410
_lUCH01
_h0157
590 _aBATCH-UPD
_b10
_c20130914
_lUCH01
_h0344
590 _aCONVERSION
_b10
_c20130109
_lUCH01
_h1331
650 1 4 _aAnálisis cromatográfico.
_95964
830 0 _aChemical analysis
_v; vol. 2
_922111
901 _aBK
942 _cLIBRO
949 _a544.92 S87
_bBC
_cLIBRO
_d33724000389920
_eLIBRO
_i63438
_si
999 _c58308
_d58308